Little Known Harry Potter Trivia Quiz Stats

 Plays Quiz not verified by Sporcle

Support Sporcle.
Go Orange.
Score 0/10 Timer 05:00
0 Plays Today
Question Answer % Correct
What is the name of Neville Longbottom's toad?Trevor
94.5%
What is the name of the goblin who showed Harry to his vault for the first time?Griphook
93.8%
What blood status is Voldemort?Half Blood
93.8%
What is Luna Lovegood's unofficial nickname?Loony
93.1%
What quidditch position did James Potter play according to the book?Chaser
91%
How many cures are there for basilisk venom?one
88.3%
What is that cure?Phoenix tears
87.6%
What did Dumbledore say he sees in the Mirror of ErisedSocks
85.5%
What bites Luna at Bill and Fleur's wedding?gnome
59.3%
How old is Dumbledore when he dies?150
38.6%

You're not logged in!

Compare scores with friends on all Sporcle quizzes.
OR
Log In

From the Vault

Best 'Of' Literature

by Dumbledore999

Of is a many splendored thing.
Remove Ads.
Support Sporcle.
Get the best of Sporcle when you Go Orange. This ad-free experience offers more features, more stats, and more fun while also helping to support Sporcle. Thank you for becoming a member.

Show Comments

Extras

Created Dec 8, 2012ReportNominate
Tags:Harry Potter Quiz, Known, little

Top Quizzes Today


Score Distribution

Your Account Isn't Verified!

In order to create a playlist on Sporcle, you need to verify the email address you used during registration. Go to your Sporcle Settings to finish the process.

Report this User

Report this user for behavior that violates our Community Guidelines.

Details: